Państwa według nazwiska - Statystyki

Ogólne statystyki
  • Ten quiz został rozwiązany 8 308 razy
  • Średni wynik to 13 z 21
Statystyki odpowiedzi
Nazwisko Państwo % Poprawnych
Kowalski Polska
93%
Smith Wielka Brytania
93%
Kim Korea
89%
Schneider Niemcy
87%
Ivanov Rosja | Bułgaria
87%
Rodriguez Hiszpania
84%
Sørensen Dania | Norwegia
83%
Chen Chiny
82%
Shevchenko Ukraina
82%
Nakamura Japonia
75%
O'Donnell Irlandia
71%
Papadopoulos Grecja
70%
Dubois Francja
67%
Abdullah Arabia Saudyjska
65%
Ionescu Rumunia
51%
Nguyen Wietnam
40%
Esposito Włochy
30%
Teixeira Portugalia
29%
Kardashian Armenia
23%
Patel Indie
18%
Jafari Iran
18%
Nie znaleziono quizów pasujących do podanych kryteriów
Rozkład punktacji
Procent ludzi z każdym wynikiem
Percentyl według liczby udzielonych odpowiedzi
Twoja historia wyników
Nie rozwiązałeś tego quizu